LIBRARY & INFORMATION CENTRE, KCAET, TAVANUR

ONLINE PUBLIC ACCESS CATALOGUE (OPAC)

Glossary of terms relating to cement concrete ,Part-7 Mixing,laying,compaction,curing and other construction aspects IS:6461 (part VII0-1973 (Record no. 9981)

MARC details
000 -LEADER
fixed length control field 00954cam a2200145ua 4500
041 ## - LANGUAGE CODE
Language code of text/sound track or separate title eng
082 ## - DEWEY DECIMAL CLASSIFICATION NUMBER
Classification number 666.97
Item number IND/GL
245 ## - TITLE STATEMENT
Title Glossary of terms relating to cement concrete ,Part-7 Mixing,laying,compaction,curing and other construction aspects IS:6461 (part VII0-1973
260 ## - PUBLICATION, DISTRIBUTION, ETC. (IMPRINT)
Place of publication New Delhi :
Name of publisher Indian Standards Institution ,
Year of publication 1986.
300 ## - PHYSICAL DESCRIPTION
Number of Pages 30 ; .
942 ## - ADDED ENTRY ELEMENTS (KOHA)
Koha item type Books
Holdings
Withdrawn status Lost status Damaged status Home library Current library Date acquired Full call number Accession Number Koha item type
      KAUAET KAUAET 07/04/2012 666.97 17094 Standards
free website counter